000 00395pab a2200145 454500
008 180718b2005 xxu||||| |||| 00| 0 eng d
100 _aSchukoske, Jane E.
245 _aDeveloping study abroad programmes in India for US students:frequently asked questions
260 _c2005
300 _ap.9-14.
362 _a5 Sep
650 _aStudy abroad
773 _aUniversity News
909 _a66786
999 _c66786
_d66786